[Event "Titled Tuesday intern op 16th Apr Late"]
[Site "Chess.com INT"]
[Date "2024.04.16"]
[Round "3"]
[White "Tanenbaum, Zachary Chen"]
[Black "Rangel, Daniel"]
[Result "1-0"]
[WhiteElo "2260"]
[BlackElo "2160"]
[PlyCount "35"]
[EventDate "2024.04.16"]
[EventType "swiss (blitz)"]
[EventRounds "11"]
[EventCountry "USA"]
[SourceTitle "CB17_2024"]
[SourceDate "2024.04.24"]
[SourceVersion "1"]
[SourceVersionDate "2024.04.24"]
[SourceQuality "1"]

1. e4 c5 2. Nf3 g6 3. d4 cxd4 4. Qxd4 Nf6 5. e5 Nc6 6. Qa4 Nd5 7. Qb3 Nc7 8. Bf4 Bg7 9. Nc3 0-0 10. 0-0-0 Ne6 11. Bg3 Qa5 12. h4 Nxe5 13. Nxe5 Bxe5 14. Rd5 Nc5 15. Qc4 Bxg3 16. Rxc5 Bf4+ 17. Kb1 Qc7 18. Rxc7 1-0

[Event "New York 1000 GM Spring IM-C"]
[Site "New York"]
[Date "2024.03.30"]
[Round "6"]
[White "Tanenbaum, Zachary Chen"]
[Black "Yudasin, Leonid"]
[Result "0-1"]
[WhiteElo "2260"]
[BlackElo "2337"]
[PlyCount "120"]
[EventDate "2024.03.27"]
[EventType "tourn"]
[EventRounds "9"]
[EventCountry "USA"]
[EventCategory "1"]
[SourceTitle "CB14_2024"]
[SourceDate "2024.04.01"]
[SourceVersion "1"]
[SourceVersionDate "2024.04.01"]
[SourceQuality "1"]

1. e4 c5 2. Nf3 d6 3. d4 cxd4 4. Nxd4 Nf6 5. Nc3 a6 6. Be3 Ng4 7. Bc1 Nf6 8. Be3 Ng4 9. Bg5 h6 10. Bh4 g5 11. Bg3 Bg7 12. Be2 h5 13. h4 gxh4 14. Bxh4 Nc6 15. Nb3 Bxc3+ 16. bxc3 Be6 17. Nd4 Qa5 18. Qd2 Rc8 19. f3 Nge5 20. Nxe6 fxe6 21. Rb1 Nd8 22. 0-0 Ng6 23. Bf2 e5 24. Rb3 b5 25. Ra1 Ne6 26. a4 Nc5 27. Rb4 Nf4 28. Bf1 bxa4 29. g3 Nfe6 30. Bh3 Qc7 31. Qd5 Kf7 32. Rc4 Rh6 33. Bf5 Rb8 34. Be3 Rf6 35. Bg5 Qa7 36. Kh1 Qb7 37. Bxf6 Kxf6 38. Qd2 Rh8 39. Rb4 Qa8 40. Rab1 h4 41. g4 Nf4 42. Rb6 Qd8 43. Rc6 Qa5 44. g5+ Kxg5 45. Rg1+ Kf6 46. Rxd6+ exd6 47. Qxd6+ Nce6 48. Rg6+ Nxg6 49. Qxe6+ Kg5 50. Bxg6 Qxc3 51. Qf5+ Kh6 52. Qf6 Qe1+ 53. Kh2 Qg3+ 54. Kh1 Qh3+ 55. Kg1 Rg8 56. Kf2 Qg3+ 57. Ke2 Qg5 58. Qd6 Rxg6 59. Qf8+ Kh7 60. Qf7+ Rg7 0-1

[Event "New York 1000 GM Spring IM-C"]
[Site "New York"]
[Date "2024.03.29"]
[Round "5"]
[White "Shundi, Matias"]
[Black "Tanenbaum, Zachary Chen"]
[Result "0-1"]
[WhiteElo "2191"]
[BlackElo "2260"]
[PlyCount "124"]
[EventDate "2024.03.27"]
[EventType "tourn"]
[EventRounds "9"]
[EventCountry "USA"]
[EventCategory "1"]
[SourceTitle "CB14_2024"]
[SourceDate "2024.04.01"]
[SourceVersion "1"]
[SourceVersionDate "2024.04.01"]
[SourceQuality "1"]

1. e4 e5 2. Nf3 Nc6 3. Bb5 f5 4. d3 fxe4 5. dxe4 Nf6 6. 0-0 d6 7. Bc4 Bg4 8. h3 Bh5 9. Nc3 Be7 10. Be3 Qd7 11. Re1 h6 12. Be2 Bf7 13. Rb1 0-0 14. b4 Be6 15. Qc1 Qe8 16. Rd1 Qf7 17. a4 a5 18. b5 Nb4 19. Kh2 Rfc8 20. Rg1 c6 21. b6 Qg6 22. Nh4 Qh7 23. g4 Nxe4 24. Nxe4 Qxe4 25. Nf5 Bf8 26. Rxb4 Qxb4 27. c4 d5 28. c5 d4 29. Bxh6 d3 30. Bxg7 Bxg7 31. Nxg7 d2 32. Qc2 Kxg7 33. g5 Qf4+ 34. Rg3 Qxf2+ 35. Rg2 Qf4+ 36. Kg1 Bd5 37. Bh5 Qe4 38. Qxe4 d1Q+ 39. Bxd1 Bxe4 40. Re2 Bf3 41. Rxe5 Bxd1 42. Re7+ Kg6 43. Rxb7 Bxa4 44. Rd7 Rd8 45. b7 Rab8 46. Rc7 Rd1+ 47. Kh2 Rb1 48. Rc8 R1xb7 49. Rxb8 Rxb8 50. Kg3 Kxg5 51. h4+ Kf5 52. h5 Bc2 53. h6 Kg6 54. h7 Kxh7 55. Kf4 Re8 56. Kg5 Rf8 57. Kh5 a4 58. Kg5 a3 59. Kh5 a2 60. Kg5 a1Q 61. Kh5 Rg8 62. Kh4 Qh1# 0-1

[Event "New York 1000 GM Spring IM-C"]
[Site "New York"]
[Date "2024.03.28"]
[Round "2"]
[White "Yang, Qindong"]
[Black "Tanenbaum, Zachary Chen"]
[Result "1-0"]
[WhiteElo "2234"]
[BlackElo "2260"]
[PlyCount "81"]
[EventDate "2024.03.27"]
[EventType "tourn"]
[EventRounds "9"]
[EventCountry "USA"]
[EventCategory "1"]
[SourceTitle "CB14_2024"]
[SourceDate "2024.04.01"]
[SourceVersion "1"]
[SourceVersionDate "2024.04.01"]
[SourceQuality "1"]

1. c4 e5 2. g3 Nf6 3. Bg2 Bc5 4. Nc3 0-0 5. Nf3 d6 6. 0-0 Nc6 7. e3 a6 8. d4 Ba7 9. h3 h6 10. a3 exd4 11. exd4 Ne7 12. b3 c6 13. Ra2 Be6 14. Rd2 Ng6 15. Bb2 Re8 16. Kh2 Rc8 17. d5 cxd5 18. Nxd5 Bxd5 19. cxd5 Ne4 20. Re2 Rc7 21. Qa1 Rce7 22. Rc2 f6 23. Nd4 Bxd4 24. Bxd4 Nc5 25. Bxc5 dxc5 26. Rxc5 Qd6 27. Rc4 Re2 28. Qc1 Ne5 29. Rc8 Nd3 30. Qc3 Rxc8 31. Qxc8+ Kf7 32. Qc4 Rd2 33. Qc3 Rxf2 34. Qxd3 Ra2 35. b4 h5 36. h4 b5 37. Re1 Kg8 38. Qg6 Rxg2+ 39. Kxg2 Qxd5+ 40. Qe4 Qa2+ 41. Re2 1-0

[Event "Titled Tuesday intern op 12th Mar Late"]
[Site "Chess.com INT"]
[Date "2024.03.12"]
[Round "3"]
[White "Houhou, Alexandre"]
[Black "Tanenbaum, Zachary Chen"]
[Result "0-1"]
[WhiteElo "2121"]
[BlackElo "2260"]
[PlyCount "90"]
[EventDate "2024.03.12"]
[EventType "swiss (blitz)"]
[EventRounds "11"]
[EventCountry "USA"]
[SourceTitle "CB12_2024"]
[SourceDate "2023.10.01"]
[SourceVersion "1"]
[SourceVersionDate "2023.10.01"]
[SourceQuality "1"]

1. e4 e5 2. Nf3 Nc6 3. Bb5 f5 4. Qe2 fxe4 5. Qxe4 Nf6 6. Qe2 d6 7. d4 e4 8. d5 Nxd5 9. Qxe4+ Qe7 10. Qxe7+ Bxe7 11. 0-0 a6 12. Bc4 Ndb4 13. Bb3 Na5 14. Na3 Nxb3 15. axb3 0-0 16. Bd2 Nc6 17. Rfe1 Bf6 18. Bc3 Bxc3 19. bxc3 Bf5 20. Nd4 Nxd4 21. cxd4 Rae8 22. f3 Kf7 23. Kf2 Rxe1 24. Rxe1 Re8 25. Rxe8 Kxe8 26. Ke3 Ke7 27. h4 h6 28. Kf4 Kf6 29. c3 g5+ 30. hxg5+ hxg5+ 31. Ke3 b5 32. g3 c5 33. dxc5 dxc5 34. b4 Ke5 35. bxc5 Kd5 36. c6 Kxc6 37. Kd4 a5 38. f4 gxf4 39. gxf4 Bh7 40. Ke3 Kc5 41. Kd2 b4 42. cxb4+ axb4 43. Nc2 b3 44. Na3 Kb4 45. f5 Bxf5 0-1

[Event "Titled Tuesday intern op 12th Mar Late"]
[Site "Chess.com INT"]
[Date "2024.03.12"]
[Round "7"]
[White "Ribeiro, Gustavo"]
[Black "Tanenbaum, Zachary Chen"]
[Result "1-0"]
[WhiteElo "2220"]
[BlackElo "2260"]
[PlyCount "63"]
[EventDate "2024.03.12"]
[EventType "swiss (blitz)"]
[EventRounds "11"]
[EventCountry "USA"]
[SourceTitle "CB12_2024"]
[SourceDate "2023.10.01"]
[SourceVersion "1"]
[SourceVersionDate "2023.10.01"]
[SourceQuality "1"]

1. a3 d5 2. h3 e5 3. Nf3 e4 4. Nd4 Nf6 5. d3 Bc5 6. e3 0-0 7. Be2 Re8 8. 0-0 Nbd7 9. c4 c6 10. Nc3 Ne5 11. cxd5 cxd5 12. dxe4 dxe4 13. b4 Bxd4 14. exd4 Nd3 15. Bxd3 Qxd4 16. Bb5 Qxc3 17. Bxe8 Qxa1 18. Qd8 Bd7 19. Qxa8 Nxe8 20. Qxb7 Be6 21. Qb8 Bd7 22. Qxa7 Bb5 23. Qb8 h6 24. Qxb5 Nf6 25. Bg5 Qb2 26. Bxf6 Qxf6 27. Qd5 e3 28. fxe3 Qc3 29. Qd8+ Kh7 30. Qd4 Qxa3 31. Rxf7 Qa2 32. Qxg7# 1-0

[Event "Titled Tuesday intern op 12th Mar Late"]
[Site "Chess.com INT"]
[Date "2024.03.12"]
[Round "11"]
[White "Tanenbaum, Zachary Chen"]
[Black "Herman, Matthew J"]
[Result "1-0"]
[WhiteElo "2260"]
[BlackElo "2383"]
[PlyCount "55"]
[EventDate "2024.03.12"]
[EventType "swiss (blitz)"]
[EventRounds "11"]
[EventCountry "USA"]
[SourceTitle "CB12_2024"]
[SourceDate "2023.10.01"]
[SourceVersion "1"]
[SourceVersionDate "2023.10.01"]
[SourceQuality "1"]

1. e4 e5 2. Nf3 Nc6 3. Bc4 Nf6 4. d3 Be7 5. 0-0 0-0 6. Re1 d6 7. a4 a5 8. h3 Be6 9. Bxe6 fxe6 10. c3 h6 11. Nbd2 Qe8 12. Nf1 Nh5 13. d4 Qg6 14. N1h2 exd4 15. cxd4 Rf7 16. Kh1 Raf8 17. g3 Nxg3+ 18. fxg3 Qxg3 19. Ra3 Bh4 20. Rg1 Qxh3 21. Ng5 Qxh2+ 22. Kxh2 hxg5 23. Rg2 e5 24. Bxg5 Bxg5 25. Rxg5 Nxd4 26. Rgg3 Rf2+ 27. Rg2 R2f4 28. Rh3 1-0

[Event "New York President's Day IM-B"]
[Site "New York"]
[Date "2024.02.18"]
[Round "6"]
[White "Jimenez Fraga, Pedro Alejandro"]
[Black "Tanenbaum, Zachary Chen"]
[Result "0-1"]
[WhiteElo "2447"]
[BlackElo "2274"]
[PlyCount "102"]
[EventDate "2024.02.15"]
[EventType "schev"]
[EventRounds "9"]
[EventCountry "USA"]
[SourceTitle "CB08_2024"]
[SourceDate "2024.02.21"]
[SourceVersion "1"]
[SourceVersionDate "2024.02.21"]
[SourceQuality "1"]

1. e4 e5 2. Nf3 Nc6 3. d4 exd4 4. Nxd4 Bc5 5. Be3 Qf6 6. c3 Nge7 7. Bc4 Ne5 8. Be2 Qg6 9. 0-0 d6 10. f3 d5 11. Nd2 0-0 12. Kh1 N5c6 13. Qe1 Bb6 14. Qf2 Bd7 15. c4 Nxd4 16. Bxd4 Bxd4 17. Qxd4 Nc6 18. Qf2 dxe4 19. Nxe4 Bf5 20. Nc5 Rad8 21. Rfd1 Qf6 22. Bf1 b6 23. Na6 Qe5 24. Re1 Qd4 25. Qxd4 Nxd4 26. Re7 c5 27. Rae1 Nc6 28. Rc7 Rd6 29. a3 Bc8 30. b4 Bxa6 31. b5 Bxb5 32. cxb5 Na5 33. Ree7 g6 34. Kg1 Rf6 35. Red7 Re8 36. Kf2 Kg7 37. Rxa7 Ree6 38. Bd3 Rd6 39. Be4 Rxd7 40. Rxd7 Nc4 41. a4 Kf8 42. h4 h5 43. Kg3 Ke8 44. Rb7 Na5 45. Ra7 Rd6 46. Kf4 Kf8 47. g4 hxg4 48. fxg4 Rd4 49. Ke5 Nc4+ 50. Kf6 Rxe4 51. Rxf7+ Ke8 0-1

[Event "New York President's Day IM-B"]
[Site "New York"]
[Date "2024.02.16"]
[Round "2"]
[White "Tanenbaum, Zachary Chen"]
[Black "Poliannikov, Danila"]
[Result "0-1"]
[WhiteElo "2274"]
[BlackElo "2276"]
[PlyCount "90"]
[EventDate "2024.02.15"]
[EventType "schev"]
[EventRounds "9"]
[EventCountry "USA"]
[SourceTitle "CB08_2024"]
[SourceDate "2024.02.21"]
[SourceVersion "1"]
[SourceVersionDate "2024.02.21"]
[SourceQuality "1"]

1. e4 e5 2. Nf3 Nc6 3. Bc4 Bc5 4. c3 Nf6 5. d3 0-0 6. 0-0 d5 7. exd5 Nxd5 8. Re1 Bg4 9. Nbd2 Nb6 10. h3 Bh5 11. b4 Be7 12. Qe2 Nxc4 13. Nxc4 f6 14. b5 Nb8 15. d4 a6 16. b6 cxb6 17. dxe5 Qc7 18. e6 Bxf3 19. gxf3 b5 20. Ne3 Qe5 21. Qd3 Nc6 22. Ng2 Rad8 23. Qc2 Qd5 24. f4 f5 25. Bb2 Qd2 26. Rac1 Na5 27. Ne3 Qxc2 28. Rxc2 Nc4 29. Bc1 Rd3 30. Nxc4 bxc4 31. Be3 Bf6 32. Rb1 b5 33. a4 bxa4 34. Ra2 Rxc3 35. Rxa4 Rb3 36. Rc1 c3 37. Rxa6 Rc8 38. Ra5 g6 39. Rc5 Rbb8 40. Kf1 Kf8 41. Ra5 Ke7 42. Re1 c2 43. Bc5+ Ke8 44. Ra7 Rxc5 45. Rxh7 Rb1 0-1

[Event "Titled Tuesday intern op 23rd Jan Late"]
[Site "Chess.com INT"]
[Date "2024.01.23"]
[Round "3"]
[White "Jumabayev, Rinat"]
[Black "Tanenbaum, Zachary Chen"]
[Result "0-1"]
[WhiteElo "2598"]
[BlackElo "2272"]
[PlyCount "126"]
[EventDate "2024.01.23"]
[EventType "swiss (blitz)"]
[EventRounds "11"]
[EventCountry "USA"]
[SourceTitle "CB05_2024"]
[SourceDate "2024.01.31"]
[SourceVersion "1"]
[SourceVersionDate "2024.01.31"]
[SourceQuality "1"]

1. d4 d5 2. Nf3 e6 3. c4 a6 4. Bg5 Be7 5. Bxe7 Nxe7 6. Nbd2 0-0 7. Rc1 b6 8. cxd5 exd5 9. g3 Bb7 10. Bg2 Nd7 11. 0-0 c5 12. dxc5 bxc5 13. Qc2 Re8 14. Ng5 Ng6 15. Ndf3 h6 16. Nh3 Qe7 17. Rfe1 Rac8 18. Nd2 Nf6 19. Qf5 Qc7 20. Rc2 Re5 21. Qd3 Rce8 22. b3 Qb6 23. e3 a5 24. Rec1 Ba6 25. Qc3 d4 26. Nc4 Bxc4 27. Qxc4 dxe3 28. fxe3 Rxe3 29. Qxc5 Re1+ 30. Rxe1 Rxe1+ 31. Kf2 Ne4+ 32. Bxe4 Qxc5+ 33. Rxc5 Rxe4 34. Rxa5 Ne5 35. Nf4 f5 36. h3 g5 37. Ng2 Kf7 38. Rd5 Ke6 39. Rd1 f4 40. gxf4 gxf4 41. Re1 Nd3+ 42. Kf1 Nxe1 43. Nxe1 Kf5 44. Kf2 Re3 45. Nf3 Ke4 46. Nd2+ Kd3 47. Nf3 Re2+ 48. Kf1 Rxa2 49. Ne5+ Ke4 50. Ng4 h5 51. Nf6+ Ke3 52. Nxh5 f3 53. Kg1 Ra1+ 54. Kh2 f2 55. Ng3 f1Q 56. Nxf1+ Rxf1 57. Kg3 Rg1+ 58. Kh4 Rb1 59. Kg5 Rxb3 60. h4 Rb5+ 61. Kg6 Kf4 62. h5 Rb6+ 63. Kg7 Kg5 0-1

[Event "Titled Tuesday intern op 23rd Jan Late"]
[Site "Chess.com INT"]
[Date "2024.01.23"]
[Round "1"]
[White "Tanenbaum, Zachary Chen"]
[Black "Jarocka, Liwia"]
[Result "1-0"]
[WhiteElo "2272"]
[BlackElo "2194"]
[PlyCount "81"]
[EventDate "2024.01.23"]
[EventType "swiss (blitz)"]
[EventRounds "11"]
[EventCountry "USA"]
[SourceTitle "CB05_2024"]
[SourceDate "2024.01.31"]
[SourceVersion "1"]
[SourceVersionDate "2024.01.31"]
[SourceQuality "1"]

1. e4 c5 2. c3 Nf6 3. e5 Nd5 4. Nf3 Nc6 5. Bc4 Nb6 6. Bb3 d5 7. exd6 Qxd6 8. 0-0 e6 9. d4 cxd4 10. cxd4 Be7 11. Nc3 0-0 12. Re1 Bd7 13. Nb5 Qb8 14. g3 a6 15. Bf4 Qc8 16. Nc7 Ra7 17. d5 exd5 18. Nxd5 Nxd5 19. Bxd5 Bf6 20. Bd6 Re8 21. Qb3 Be6 22. Bxe6 Rxe6 23. Rxe6 Qxe6 24. Qxe6 fxe6 25. Rd1 Ra8 26. Bc7 Nb4 27. Rd7 Bxb2 28. Bd6 Nxa2 29. Rxb7 Bf6 30. g4 h6 31. h4 g5 32. hxg5 hxg5 33. Be5 Bxe5 34. Nxe5 a5 35. Nf7 a4 36. Nxg5 a3 37. Ne4 Nc1 38. g5 a2 39. Nf6+ Kf8 40. g6 Ne2+ 41. Kh2 1-0

[Event "Titled Tuesday intern op 23rd Jan Late"]
[Site "Chess.com INT"]
[Date "2024.01.23"]
[Round "10"]
[White "Tanenbaum, Zachary Chen"]
[Black "Oparin, Grigoriy"]
[Result "0-1"]
[WhiteElo "2272"]
[BlackElo "2664"]
[PlyCount "78"]
[EventDate "2024.01.23"]
[EventType "swiss (blitz)"]
[EventRounds "11"]
[EventCountry "USA"]
[SourceTitle "CB05_2024"]
[SourceDate "2024.01.31"]
[SourceVersion "1"]
[SourceVersionDate "2024.01.31"]
[SourceQuality "1"]

1. e4 c6 2. d4 d5 3. exd5 cxd5 4. Bd3 Nf6 5. c3 Nc6 6. Bf4 Bg4 7. Qb3 Qd7 8. Nd2 e6 9. Ngf3 Bd6 10. Bxd6 Qxd6 11. 0-0 0-0 12. Rfe1 Qc7 13. Qc2 Rac8 14. Rac1 Bh5 15. Ne5 Bg6 16. Nxg6 hxg6 17. Nf3 b5 18. Bxb5 Ne4 19. Bd3 Nd6 20. Qd2 Rb8 21. Ng5 Nf5 22. g3 Rfe8 23. Qe2 Nce7 24. h4 Nh6 25. h5 gxh5 26. Qxh5 Nef5 27. Bxf5 exf5 28. Qf3 Qc6 29. b3 f6 30. Nh3 Re4 31. Nf4 Rbe8 32. Nd3 g5 33. Qh5 Kg7 34. Kf1 Ng4 35. Rxe4 dxe4 36. d5 Qd7 37. Nc5 Qb5+ 38. c4 Qxc5 39. Rc2 Rh8 0-1

[Event "New York 1000 GM Winter IM-C"]
[Site "New York"]
[Date "2024.01.15"]
[Round "9"]
[White "Yudasin, Leonid"]
[Black "Tanenbaum, Zachary Chen"]
[Result "1/2-1/2"]
[WhiteElo "2353"]
[BlackElo "2272"]
[PlyCount "68"]
[EventDate "2024.01.11"]
[EventType "swiss"]
[EventRounds "9"]
[EventCountry "USA"]
[SourceTitle "CB04_2024"]
[SourceDate "2023.10.16"]
[SourceVersion "1"]
[SourceVersionDate "2023.10.16"]
[SourceQuality "1"]

1. e4 e5 2. Nf3 Nc6 3. Nc3 Nf6 4. g3 Bc5 5. Bg2 d6 6. d3 a5 7. 0-0 a4 8. a3 0-0 9. Be3 h6 10. h3 Bxe3 11. fxe3 Ne7 12. Nh4 Nh7 13. Nf5 Bxf5 14. exf5 c6 15. d4 Qc7 16. g4 d5 17. dxe5 Qxe5 18. Qd4 Qxd4 19. exd4 Nf6 20. Rfe1 Rfe8 21. Kf2 b5 22. Na2 Kf8 23. Nb4 Nd7 24. Bf1 Rac8 25. Re3 Ng8 26. Rae1 Rxe3 27. Rxe3 Nb6 28. Rc3 Ne7 29. Re3 Rc7 30. Kf3 Rb7 31. Rc3 Nc4 32. Bxc4 dxc4 33. Re3 Rd7 34. c3 Rb7 1/2-1/2

[Event "New York 1000 GM Winter IM-C"]
[Site "New York"]
[Date "2024.01.12"]
[Round "3"]
[White "Martin Del Campo C, Roberto Abel"]
[Black "Tanenbaum, Zachary Chen"]
[Result "1/2-1/2"]
[WhiteElo "2205"]
[BlackElo "2272"]
[PlyCount "70"]
[EventDate "2024.01.11"]
[EventType "swiss"]
[EventRounds "9"]
[EventCountry "USA"]
[SourceTitle "CB04_2024"]
[SourceDate "2023.10.16"]
[SourceVersion "1"]
[SourceVersionDate "2023.10.16"]
[SourceQuality "1"]

1. e4 e5 2. Nf3 Nc6 3. Bb5 f5 4. Nc3 fxe4 5. Bxc6 bxc6 6. Nxe4 d5 7. Ng3 Bg4 8. h3 Bxf3 9. Qxf3 Bd6 10. d3 Nf6 11. Nf5 Qd7 12. Nxd6+ cxd6 13. 0-0 0-0 14. Qe2 Rae8 15. Bd2 d4 16. c3 Qf5 17. f3 c5 18. c4 Re6 19. g4 Qg6 20. f4 Qf7 21. f5 Ree8 22. g5 Nd7 23. Qe4 Nb6 24. Rac1 Qd7 25. Rf2 Rf7 26. Kh2 Qb7 27. b3 Ref8 28. Kg3 Qxe4 29. dxe4 g6 30. f6 h5 31. gxh6 Nd7 32. Rcf1 Rxf6 33. Bg5 Rxf2 34. Rxf2 Rxf2 35. Kxf2 Kh7 1/2-1/2

[Event "Edward Lasker Memorial 107th"]
[Site "New York"]
[Date "2023.12.10"]
[Round "5"]
[White "Hardaway, Brewington"]
[Black "Tanenbaum, Zachary Chen"]
[Result "1/2-1/2"]
[WhiteElo "2435"]
[BlackElo "2258"]
[PlyCount "120"]
[EventDate "2023.12.07"]
[EventType "swiss"]
[EventRounds "6"]
[EventCountry "USA"]
[SourceTitle "CB50_2023"]
[SourceDate "2023.12.13"]
[SourceVersion "1"]
[SourceVersionDate "2023.12.13"]
[SourceQuality "1"]

1. Nf3 d5 2. g3 c6 3. Bg2 Bg4 4. d4 Nd7 5. 0-0 e6 6. c4 Ngf6 7. cxd5 cxd5 8. Nc3 Bd6 9. h3 Bh5 10. Qb3 Qb6 11. Qxb6 Nxb6 12. g4 Bg6 13. Ne5 Rc8 14. Bf4 Bb8 15. Rfc1 Ke7 16. b3 Nfd7 17. Nxg6+ hxg6 18. Bd2 a6 19. e4 Nf6 20. e5 Nfd7 21. Ne2 Rxc1+ 22. Rxc1 Rc8 23. f4 Rxc1+ 24. Bxc1 Nc8 25. Kf2 Na7 26. Ke3 Nc6 27. Ba3+ Ke8 28. h4 Bc7 29. f5 gxf5 30. gxf5 Bd8 31. fxe6 fxe6 32. h5 Be7 33. Bb2 Nb4 34. a4 Bg5+ 35. Kf3 Bd2 36. Bh3 Kf7 37. Ba3 Nc2 38. Bd6 Be3 39. Nc3 Bxd4 40. Nxd5 Nxe5+ 41. Bxe5 Bxe5 42. Ne3 Nd4+ 43. Ke4 Bf6 44. b4 Nc6 45. b5 axb5 46. axb5 Nd4 47. b6 Nb5 48. Nc4 Nc3+ 49. Kf3 Bd4 50. Kg4 Na4 51. Bg2 Bxb6 52. Bxb7 Bc7 53. Be4 Nc5 54. Bc2 Kf6 55. Bg6 Nd7 56. Bc2 Bb8 57. Ba4 Nc5 58. Bc2 Bc7 59. Bg6 e5 60. Nd2 Ba5 1/2-1/2

[Event "Edward Lasker Memorial 107th"]
[Site "New York"]
[Date "2023.12.10"]
[Round "6"]
[White "Tanenbaum, Zachary Chen"]
[Black "Zeltsan, Joseph"]
[Result "1/2-1/2"]
[WhiteElo "2258"]
[BlackElo "2415"]
[PlyCount "71"]
[EventDate "2023.12.07"]
[EventType "swiss"]
[EventRounds "6"]
[EventCountry "USA"]
[SourceTitle "CB50_2023"]
[SourceDate "2023.12.13"]
[SourceVersion "1"]
[SourceVersionDate "2023.12.13"]
[SourceQuality "1"]

1. e4 Nc6 2. Nf3 d6 3. d4 Nf6 4. Nc3 g6 5. d5 Nb8 6. Be3 Bg7 7. h3 c6 8. Qd2 Qa5 9. 0-0-0 b5 10. dxc6 b4 11. Nd5 Nxc6 12. Bb5 Bd7 13. Nxf6+ Bxf6 14. Qd5 Qc7 15. e5 dxe5 16. Rd2 a6 17. Ba4 Rd8 18. Qc4 Rc8 19. Qxa6 0-0 20. Bb6 Nb8 21. Bxc7 Nxa6 22. Rxd7 Nxc7 23. Bb3 Na6 24. Rd5 Nc5 25. Nd2 e6 26. Rxc5 Rxc5 27. Ne4 Be7 28. Nxc5 Bxc5 29. f3 Rd8 30. c3 Be3+ 31. Kb1 bxc3 32. bxc3 Rd2 33. Re1 Bf4 34. a4 Rxg2 35. Rd1 Kf8 36. a5 1/2-1/2

[Event "New York 1000 GM Fall IM-C"]
[Site "New York"]
[Date "2023.11.12"]
[Round "9"]
[White "Stopa, Jacek"]
[Black "Tanenbaum, Zachary Chen"]
[Result "1/2-1/2"]
[WhiteElo "2351"]
[BlackElo "2289"]
[PlyCount "124"]
[EventDate "2023.11.08"]
[EventType "tourn"]
[EventRounds "9"]
[EventCountry "USA"]
[SourceTitle "CB46_2023"]
[SourceDate "2023.11.15"]
[SourceVersion "1"]
[SourceVersionDate "2023.11.15"]
[SourceQuality "1"]

1. Nf3 d5 2. g3 Nc6 3. d4 Bf5 4. Bg2 Nb4 5. Na3 e6 6. 0-0 Nc6 7. Nb1 Nb4 8. Ne1 Be7 9. c3 Nc6 10. b4 h5 11. Nd2 Nf6 12. h4 a6 13. Nd3 Bd6 14. Nc5 Bxc5 15. bxc5 e5 16. dxe5 Nxe5 17. c4 Be6 18. Bb2 Ned7 19. cxd5 Bxd5 20. e4 Bc6 21. e5 Ng4 22. Bxc6 bxc6 23. e6 Ndf6 24. exf7+ Kxf7 25. Qc2 Qd5 26. Nc4 Rhe8 27. Rad1 Qxc5 28. Bd4 Qe7 29. f3 Nh6 30. Ne5+ Kg8 31. Nxc6 Qe6 32. Rfe1 Qf5 33. Qc4+ Kh8 34. Kg2 Qb5 35. Rxe8+ Rxe8 36. Qxb5 axb5 37. Bxf6 gxf6 38. Rd5 Re2+ 39. Kf1 Rc2 40. Nb4 Rc1+ 41. Ke2 c5 42. Nd3 Rc2+ 43. Ke3 c4 44. Nb4 Rb2 45. Rxb5 c3 46. a3 c2 47. Kd2 Rb3 48. Rxh5 Kg7 49. Nxc2 Rxf3 50. Rc5 Rxg3 51. Ne3 Rh3 52. h5 f5 53. a4 Rxh5 54. a5 Rh2+ 55. Kc3 f4 56. Nf5+ Nxf5 57. Rxf5 Ra2 58. Kb4 Rb2+ 59. Kc5 Rc2+ 60. Kb6 Rb2+ 61. Ka7 Rb4 62. a6 Kg6 1/2-1/2

[Event "New York 1000 GM Fall IM-C"]
[Site "New York"]
[Date "2023.11.12"]
[Round "8"]
[White "Tanenbaum, Zachary Chen"]
[Black "Yang, Qindong"]
[Result "1/2-1/2"]
[WhiteElo "2289"]
[BlackElo "2230"]
[PlyCount "57"]
[EventDate "2023.11.08"]
[EventType "tourn"]
[EventRounds "9"]
[EventCountry "USA"]
[SourceTitle "CB46_2023"]
[SourceDate "2023.11.15"]
[SourceVersion "1"]
[SourceVersionDate "2023.11.15"]
[SourceQuality "1"]

1. e4 c5 2. c3 Nf6 3. e5 Nd5 4. Nf3 d6 5. Bb5+ Bd7 6. Bc4 e6 7. d4 cxd4 8. Bxd5 exd5 9. 0-0 Nc6 10. Bf4 dxe5 11. Bxe5 Nxe5 12. Nxe5 Be7 13. Qxd4 0-0 14. Qxd5 Be6 15. Qxd8 Rfxd8 16. Nf3 b5 17. Nd4 Bc4 18. Rd1 Bc5 19. Nd2 Bxd4 20. cxd4 Rxd4 21. Nxc4 Rxc4 22. Rd7 Re8 23. Rxa7 Rc2 24. b3 g6 25. a4 Ree2 26. Rf1 bxa4 27. bxa4 Ra2 28. g3 Re4 29. a5 1/2-1/2

[Event "New York 1000 GM Fall IM-C"]
[Site "New York"]
[Date "2023.11.10"]
[Round "5"]
[White "Lee, Justin"]
[Black "Tanenbaum, Zachary Chen"]
[Result "1/2-1/2"]
[WhiteElo "2300"]
[BlackElo "2289"]
[PlyCount "57"]
[EventDate "2023.11.08"]
[EventType "tourn"]
[EventRounds "9"]
[EventCountry "USA"]
[SourceTitle "CB46_2023"]
[SourceDate "2023.11.15"]
[SourceVersion "1"]
[SourceVersionDate "2023.11.15"]
[SourceQuality "1"]

1. d4 d5 2. c4 e6 3. Nf3 a6 4. Bg5 Be7 5. Bxe7 Nxe7 6. Nbd2 0-0 7. g3 Nd7 8. Bg2 c5 9. cxd5 Nxd5 10. 0-0 b5 11. dxc5 Nxc5 12. Qc2 Na4 13. b3 Nac3 14. e4 Ne2+ 15. Kh1 Ndc3 16. Nb1 b4 17. a3 Bb7 18. Nxc3 Nxc3 19. axb4 Nxe4 20. Ne5 Qd5 21. Qxe4 Qxe4 22. Bxe4 Bxe4+ 23. f3 Bd5 24. Nd7 Rfd8 25. Nb6 Rab8 26. Nxd5 exd5 27. Rxa6 Rxb4 28. Rd1 Rxb3 29. Rxd5 1/2-1/2

[Event "New York 1000 GM Fall IM-C"]
[Site "New York"]
[Date "2023.11.10"]
[Round "4"]
[White "Tanenbaum, Zachary Chen"]
[Black "Yanayt, Eugene"]
[Result "1/2-1/2"]
[WhiteElo "2289"]
[BlackElo "2095"]
[PlyCount "59"]
[EventDate "2023.11.08"]
[EventType "tourn"]
[EventRounds "9"]
[EventCountry "USA"]
[SourceTitle "CB46_2023"]
[SourceDate "2023.11.15"]
[SourceVersion "1"]
[SourceVersionDate "2023.11.15"]
[SourceQuality "1"]

1. e4 c5 2. c3 d5 3. exd5 Qxd5 4. d4 Nf6 5. Nf3 Bg4 6. dxc5 Qxd1+ 7. Kxd1 Nc6 8. Be3 Nd5 9. Bc4 0-0-0 10. Kc1 g6 11. Nbd2 e6 12. Bxd5 Rxd5 13. Ng5 Ne5 14. h3 Be2 15. b4 Be7 16. Ngf3 Nxf3 17. Nxf3 Bxf3 18. gxf3 Rf5 19. Kd2 Rxf3 20. Ke2 Rf5 21. c6 bxc6 22. Bxa7 Bf6 23. Rac1 Kc7 24. Be3 Ra8 25. Rc2 Ra3 26. c4 Bg5 27. Bd4 Bf6 28. Be3 Bg5 29. Bd4 Bf6 30. Be3 1/2-1/2